Southville International School and Colleges
Your cart is empty.
  • Cart
  • Lists
    Public lists Eva Luna New books Lux_list list_1
    Your lists Log in to create your own lists
  • Log in to your account
  • Your cookies
  • Search history
Southville International School and Colleges
  • Advanced search
  • Recent comments
  • Most popular
  • Libraries

Log in to your account

Log in with GOOGLE


If you do not have an external account, but do have a local account, you can still log in:

  1. Home
  2. MARC view: Systems analysis and design /
Normal view MARC view ISBD view

Systems analysis and design / (Record no. 288744)

[ view plain ]
MARC details
000 -LEADER
fixed length control field 00858cam a2200277 a 4500
001 - CONTROL NUMBER
control field STB034909
003 - CONTROL NUMBER IDENTIFIER
control field PILC
005 - DATE AND TIME OF LATEST TRANSACTION
control field 20150924150642.0
008 - FIXED-LENGTH DATA ELEMENTS--GENERAL INFORMATION
fixed length control field 121218s2012 njua b 001 0 eng
010 ## - LIBRARY OF CONGRESS CONTROL NUMBER
LC control number 2012037951
020 ## - INTERNATIONAL STANDARD BOOK NUMBER
International Standard Book Number 9789814598514
040 ## - CATALOGING SOURCE
Original cataloging agency DLC
Transcribing agency DLC
Modifying agency DLC
042 ## - AUTHENTICATION CODE
Authentication code pcc
050 00 - LIBRARY OF CONGRESS CALL NUMBER
Classification number QA 76.9.S88
Item number .K334 2014
100 1# - MAIN ENTRY--PERSONAL NAME
Personal name Kendall, Kenneth E.,
Dates associated with a name 1948-
245 10 - TITLE STATEMENT
Title Systems analysis and design /
Statement of responsibility, etc Kenneth E. Kendall and Julie E. Kendall.
250 ## - EDITION STATEMENT
Edition statement 9th edition.
260 ## - PUBLICATION, DISTRIBUTION, ETC. (IMPRINT)
Place of publication, distribution, etc Upper Saddle River, NJ :
Name of publisher, distributor, etc Pearson,
Date of publication, distribution, etc 2014.
300 ## - PHYSICAL DESCRIPTION
Extent xxviii, 518 pages :
Other physical details illustration ;
Dimensions 30 cm.
500 ## - GENERAL NOTE
General note Includes bibliographical references and index.
650 #0 - SUBJECT ADDED ENTRY--TOPICAL TERM
Topical term or geographic name as entry element System design.
650 #0 - SUBJECT ADDED ENTRY--TOPICAL TERM
Topical term or geographic name as entry element System analysis.
650 #0 - SUBJECT ADDED ENTRY--TOPICAL TERM
Topical term or geographic name as entry element Systems programming (Computer science)
700 1# - ADDED ENTRY--PERSONAL NAME
Personal name Kendall, Julie E.,
Dates associated with a name 1952-
942 ## - ADDED ENTRY ELEMENTS (KOHA)
Source of classification or shelving scheme Library of Congress Classification
Koha item type Books
Call number prefix Foreign
Holdings
Withdrawn status Lost status Source of classification or shelving scheme Damaged status Home library Current library Shelving location Date acquired Source of acquisition Total Checkouts Full call number Barcode Date last seen Price effective from Koha item type
    Library of Congress Classification   College Library College Library Graduate Section 09/24/2015 Donation   QA 76.9.S88 .K334 2014 C20066 05/15/2018 09/24/2015 Books

Systems analysis and design /

APA

Kendall K. E., Kendall J. E., . (2014). Systems analysis and design. Upper Saddle River, NJ: Pearson.

Chicago

Kendall Kenneth E, Kendall Julie E, . 2014. Systems analysis and design. Upper Saddle River, NJ: Pearson.

Harvard

Kendall K. E., Kendall J. E., . (2014). Systems analysis and design. Upper Saddle River, NJ: Pearson.

MLA

Kendall Kenneth E, Kendall Julie E, . Systems analysis and design. Upper Saddle River, NJ: Pearson. 2014.

  • Place hold
  • Print
  • Cite
  • Add to your cart (remove)
  • Save record
    BIBTEX Dublin Core MARCXML MARC (non-Unicode/MARC-8) MARC (Unicode/UTF-8) MARC (Unicode/UTF-8, Standard) MODS (XML) RIS
  • More searches
    Search for this title in:
    Other Libraries (WorldCat) Other Databases (Google Scholar) Online Stores (Bookfinder.com) Open Library (openlibrary.org)

Exporting to Dublin Core...

SOUTHVILLE LIBRARY

Southville International School and Colleges Library

1281 Tropical Ave. Cor. Luxembourg St., BF Homes International, Las Pinas City

Tel. No. 8256374 / 252358 Loc. 117/146

Powered by Koha